Indivisibili /

Guardat en:
Dades bibliogràfiques
Autor principal: Avitabile, Enzo, (1955- ) (Compositor)
Altres autors: De Razza, Attilio (Productor), Verga, Pierpaolo (Productor), De Angelis, Edoardo, (1978- Napoli) (Director, Scenarist), Fontana, Angela (attrice) (Actor), Fontana, Marianna (attrice) (Actor), Rossi, Massimiliano (attore) (Actor), de Notaris, Marco Mario (Actor), Laudadio, Tony (Actor), Petronio, Barbara, (1973- ) (Scenarist), Guaglianone, Nicola, (1973- ) (Guionista, Scenarist), Truppo, Antonia (Actor), Paredes, Ferran (Fotògraf)
Format: Diapositiva
Idioma:italià
Publicat: [Milano] : Warner Bros. Entertainment Italia [distributore], ©2017
Etiquetes: Afegir etiqueta
Sense etiquetes, Sigues el primer a etiquetar aquest registre!

MARC

LEADER 00000ngm a22000007i 4500
001 IT\ICCU\MOD\1667027
003 ItRI
005 20260124182917.0
008 170316s2017 it |||||||||||||||k|||||c
024 3 1 |a 5051891146938 
028 4 2 |a 1000638319  |b Medusa 
028 4 2 |a 5000232648  |b Medusa 
040 |b ita 
041 7 |a ita  |2 ISO-639-2 
130 0 |a Indivisibili <film ; 2016>  |3 IT\ICCU\MOD\1667030 
245 0 0 |a Indivisibili /  |c un film di Edoardo De Angelis ; soggetto di Nicola Guaglianone ; sceneggiatura di Nicola Guaglianone, Barbara Petronio, Edoardo De Angelis ; fotografia di Ferran Paredes Rubio ; musica di Enzo Avitabile ; prodotto da Attilio De Razza, Pierpaolo Verga ; [cast] Angela e Marianna Fontana, Antonia Truppo ... [et al.]. 
260 |a [Milano] :  |b Warner Bros. Entertainment Italia [distributore],  |c ©2017 
300 |a 1 DVD-video (circa 100 min) :  |b color. ;  |c in contenitore, 19 cm 
500 |a Caratteristiche tecniche: regione 2; video 16:9, 2.35:1; audio Dolby digital 5.1 
500 |a Titolo del contenitore 
500 |a Luogo di pubblicazione ricavato da fonte esterna 
500 |a Prima del titolo: Attilio De Razza e Pierpaolo Verga in collaborazione con Medusa Film presentano 
500 |a Produzione cinematografica: Italia, 2016; ©2016 Tramp limited, O'Groove 
500 |a Sottotitoli: inglese 
500 |a Interpreti: Angela Fontana, Marianna Fontana, Antonia Truppo, Massimliano Rossi, Tony Laudadio 
500 |a Contenuti speciali: Backstage, Trailer. 
700 1 |a De Razza, Attilio  |0 IT\ICCU\DDSV\282796  |4 pro 
700 1 |a Verga, Pierpaolo  |0 IT\ICCU\DDSV\350486  |4 pro 
700 1 |a De Angelis, Edoardo,  |d  (1978-   |c Napoli)  |0 IT\ICCU\MODV\648298  |4 drt 
700 1 |a De Angelis, Edoardo,  |d  (1978-   |c Napoli)  |0 IT\ICCU\MODV\648298  |4 sce 
700 1 |a Fontana, Angela  |c  (attrice)  |0 IT\ICCU\MODV\662638  |4 act 
700 1 |a Fontana, Marianna  |c  (attrice)  |0 IT\ICCU\MODV\662639  |4 act 
700 1 |a Rossi, Massimiliano  |c  (attore)  |0 IT\ICCU\MODV\662640  |4 act 
700 1 |a de Notaris, Marco Mario  |0 IT\ICCU\NAPV\188365  |4 act 
700 1 |a Laudadio, Tony  |0 IT\ICCU\PARV\565842  |4 act 
700 1 |a Petronio, Barbara,  |d  (1973- )  |0 IT\ICCU\RAVV\667130  |4 sce 
700 1 |a Guaglianone, Nicola,  |d  (1973- )  |0 IT\ICCU\RAVV\686060  |4 aus 
700 1 |a Guaglianone, Nicola,  |d  (1973- )  |0 IT\ICCU\RAVV\686060  |4 sce 
700 1 |a Avitabile, Enzo,  |d  (1955- )  |0 IT\ICCU\SBLV\037165  |4 cmp 
700 1 |a Truppo, Antonia  |0 IT\ICCU\UBOV\373083  |4 act 
700 1 |a Paredes, Ferran  |0 IT\ICCU\VIAV\133224  |4 pht 
710 2 |a Warner Bros. Entertainment  |0 IT\ICCU\DDSV\013420  |4 pbl 
752 |a it   |d Milano 
790 1 |a Paredes Rubio, Ferran  |3 IT\ICCU\LO1V\449789  |z Paredes, Ferran 
942 |2 ddc  |c VM  |n 0 
952 |0 0  |1 0  |4 0  |6 VO_2326_000000000000000  |7 0  |9 27940  |a BO  |b BO  |d 2026-01-24  |i 18737  |l 0  |o VO 2326  |p BO18737  |r 2026-01-24 18:29:17  |w 2026-01-24  |x [Sebina 7] [1 dvd]  |y VM  |z 1 dvd 
999 |c 23686  |d 23686